Advanced SQL functions in Oracle 10g (Record no. 4367)
[ view plain ]
| 000 -LEADER | |
|---|---|
| fixed length control field | 00632 a2200205 4500 |
| 010 ## - LCCN (DPL NO) | |
| LC control number | ENG-86279 |
| 020 ## - INTERNATIONAL STANDARD BOOK NUMBER | |
| International Standard Book Number | 818333184X |
| Terms of availability | 150.00 |
| 035 ## - SYSTEM CONTROL NUMBER | |
| System control number | EN-69812 |
| 037 ## - SOURCE OF ACQUISITION | |
| Source of stock number/acquisition | DBAD / PUB |
| 082 14 - DEWEY DECIMAL CLASSIFICATION NUMBER | |
| Classification number | 005.756 |
| 100 1# - MAIN ENTRY--PERSONAL NAME | |
| Personal name | Earp, Richard, |
| 245 10 - TITLE STATEMENT | |
| Title | Advanced SQL functions in Oracle 10g |
| Statement of responsibility, etc | by Richard Walsh Earp[and] Sikha Saha Bagui. |
| 260 ## - PUBLICATION, DISTRIBUTION, ETC. (IMPRINT) | |
| Place of publication, distribution, etc | New Delhi |
| Name of publisher, distributor, etc | BPB Publications |
| Date of publication, distribution, etc | 2007 |
| 300 ## - PHYSICAL DESCRIPTION | |
| Extent | xvii, 397 p. |
| Dimensions | 23 cm. (Pbk) |
| 500 ## - GENERAL NOTE | |
| General note | Includes index. |
| 650 #0 - SUBJECT ADDED ENTRY--TOPICAL TERM | |
| Topical term or geographic name as entry element | SQL (Computer program language) |
| 650 #0 - SUBJECT ADDED ENTRY--TOPICAL TERM | |
| Topical term or geographic name as entry element | Computer database |
| 700 1# - ADDED ENTRY--PERSONAL NAME | |
| Personal name | Bagui, Sikha Saha |
| Dates associated with a name | 1964- |
| 942 ## - ADDED ENTRY ELEMENTS (KOHA) | |
| Institution code [OBSOLETE] | dpl |
| Item type | English Books |
| Source of classification or shelving scheme | Dewey Decimal Classification |
| Classification part | 005.756 |
| Call number suffix | EAR |
| Withdrawn status | Lost status | Not for loan | Collection code | Home library | Current library | Source of acquisition | Cost, normal purchase price | Full call number | Barcode | Copy number | Cost, replacement price | Koha item type |
|---|---|---|---|---|---|---|---|---|---|---|---|---|
| Not For Loan | Non-fiction | D.B.Act.Division | D.B.Act.Division | DBAD/PUB | 150.00 | 005.756 EAR | EN-69812 | 1 | 150.00 | English Books |
